000 00713nam a22002177a 4500
003 UA-OsUOA
001 100554
007 ta
008 20130528b un ||||| |||| 00| 0 ukr d
100 _aКозак Д.Н.
090 _a902
_bК59
942 _cSA
040 _aUA-OsUOA
_bukr
_cUA-OsUOA
_dUA-OsUOA
245 _aПроблема контактів давніх слов'ян і германців (поморсько-кляшова та ясторфська культури на Волині)
300 _aС.76-85
955 _a0
041 _aukr
080 _a902
773 0 _w100548
_tАрхеологія
_dК.
_d2013
_g1
650 7 _a9 Географія. Біографії. Історія
_2UDC
999 _c386605
_d386605